Top Ten U.S. States by Water Area Percentage - Statistics

General Stats
  • This quiz has been taken 33 times
  • The average score is 7 of 10
Answer Stats
Percentage State % Correct
41.54% Michigan
93%
18.45% Florida
90%
33.08% Rhode Island
83%
17.31% Wisconsin
83%
41.25% Hawaii
76%
17.52% Louisiana
72%
21.71% Delaware
69%
21.75% Maryland
62%
26.10% Massachusetts
62%
15.69% New Jersey
52%
No matching quizzes found
Score Distribution
Percent of People with Each Score
Percentile by Number Answered
Your Score History
You have not taken this quiz